000 00848nam a2200253Ia 4500
008 130821s2009 xxua gr eng
020 _a9780393932249
040 _aCo-BoUCM
_bspa
041 0 0 _aeng
245 0 0 _aManagerial economics theory, applications, and cases
_cW. Bruce Allen ... [y otros]
250 _a7th ed.
260 _aNueva York (Estados Unidos)
_bW.W. Norton
_c2009
300 _axx, 684 páginas
_bgráficas
504 _aIncluye referencias bibliográficas e índice.
650 0 4 _aAdministración industrial
_98602
650 0 4 _aEconomía gerencial
_913693
650 0 4 _aMicroeconomía
_919488
700 1 _aAllen, W. Bruce
700 1 _aDoherty, Neil A.
700 1 _aMansfield, Edwin
700 1 _aWeigelt, Keith
942 _cLIBRO
_a7
_e7
_mM266
_2DEWEY
_h338.5024658
999 _c40122
_d40122